Soil survey, Carbon County, Pennsylvania /
Disimpan dalam:
| Pengarang Utama: | |
|---|---|
| Format: | Buku |
| Bahasa: | English |
| Diterbitkan: |
Washington] :
U.S. Dept. of Agriculture, Soil Conservation Service,
1962.
|
| Siri: | [U.S. Soil Conservation Service] Soil survey, ser. 1959 ;
no. 14 |
| Subjek-subjek: | |
| Penanda-penanda: |
Tambah Penanda
Tiada Penanda, Jadilah orang pertama menanda rekod ini!
|
| LEADER | 01283cam a2200349Ii 4500 | ||
|---|---|---|---|
| 001 | 014386830-6 | ||
| 005 | 20150521190838.0 | ||
| 008 | 751118s1962 dcuab f000 0 eng d | ||
| 035 | 0 | |a ocm01839981 | |
| 040 | |a PAU |b eng |c PAU |d OCL |d OCLCQ |d LVB |d UPM |d FUG |d ZWZ |d OCLCQ |d OCLCO |d OCLCF |d OCLCQ | ||
| 043 | |a n-us-pa | ||
| 050 | 1 | 4 | |a S599.P4 |b F58 |
| 086 | 0 | |a A 57.38:959/14 | |
| 100 | 1 | |a Fisher, Gleen Luce, |d 1926- | |
| 245 | 1 | 0 | |a Soil survey, Carbon County, Pennsylvania / |c [by Glenn Fisher et al. |
| 260 | |a Washington] : |b U.S. Dept. of Agriculture, Soil Conservation Service, |c 1962. | ||
| 300 | |a i, 108 pages : |b illustrations, maps (some folded, color) ; |c 28 cm. | ||
| 336 | |a text |b txt |2 rdacontent | ||
| 337 | |a unmediated |b n |2 rdamedia | ||
| 338 | |a volume |b nc |2 rdacarrier | ||
| 490 | 0 | |a [U.S. Soil Conservation Service] Soil survey, ser. 1959 ; |v no. 14 | |
| 500 | |a Cover title. | ||
| 500 | |a "Issued November 1962." | ||
| 504 | |a "Literature cited ": page 105. | ||
| 650 | 0 | |a Soil surveys |z Pennsylvania |z Carbon County. | |
| 650 | 6 | |a Sols |z Pennsylvanie |z Carbon (Comté) | |
| 650 | 7 | |a Soil surveys. |2 fast | |
| 651 | 7 | |a Pennsylvania |z Carbon County. |2 fast | |
| 650 | 7 | |a Sols |z États-Unis |z Pennsylvanie (États-Unis) |2 ram | |
| 988 | |a 20150521 | ||
| 049 | |a CLSL | ||
| 906 | |0 OCLC | ||


